LEADER 01171nam0-2200373-i-450- 001 990009584390403321 005 20120601093934.0 010 $a978-88-953664-3-2 035 $a000958439 035 $aFED01000958439 035 $a(Aleph)000958439FED01 035 $a000958439 100 $a20120601d2009----km-y0itay50------ba 101 0 $aita 102 $aIT 105 $a--------001yy 200 1 $a<> scuola fascista$eistituzioni, parole d'ordine e luoghi dell'immaginario$fa cura di Gianluca Gabrielli e Davide Montino$gintroduzione di Monica Galfré 210 $aVerona$cOmbre corte$d[2009] 215 $a191 p.$cill.$d21 cm 225 1 $aDocumenta$v10 300 $aIn cop. : Centro studi per la scuola pubblica 610 0 $aFascismo$aPolitica scolastica$a1922-1943 676 $a379.45 702 1$aGabrielli,$bGianluca 702 1$aMontino,$bDavide 702 1$aGalfré,$bMonica 712 02$aCentro studi per la scuola pubblica 801 0$aIT$bUNINA$gRICA$2UNIMARC 901 $aBK 912 $a990009584390403321 952 $a379 GAB 1$bD.D.S. 13335$fFLFBC 959 $aFLFBC 996 $aScuola fascista$9227403 997 $aUNINA LEADER 01623nam0 22003373i 450 001 VAN0240251 005 20220909125552.282 017 70$2N$a9783030818111 100 $a20220214d2021 |0itac50 ba 101 $aeng 102 $aCH 105 $a|||| ||||| 200 1 $aˆThe ‰Mixing of Magmas$eField Evidence, Numerical Models, Experiments$fDiego Perugini 210 $aCham$cSpringer$d2021 215 $aXIV, 162 p.$cill.$d24 cm 410 1$1001VAN0239783$12001 $aAdvances in Volcanology$eAn Official Book Series of the International Association of Volcanology and Chemistry of the Earth?s Interior$1210 $aCham$cSpringer$d2015- 620 $aCH$dCham$3VANL001889 676 $a551.9$cGeochimica$v22 676 $a550$cScienze della terra e geologia - Geofisica$v22 676 $a551$cGeologia, idrogeologia, meteorologia$v22 676 $a526$cCartografia - Geodesia$v22 700 1$aPerugini$bDiego$3VANV196877$0507059 712 $aSpringer $3VANV108073$4650 801 $aIT$bSOL$c20240614$gRICA 856 4 $uhttps://rd.springer.com/book/10.1007/978-3-030-81811-1$zE-book - Accesso al full-text attraverso riconoscimento IP di Ateneo, proxy e/o Shibboleth 899 $aBIBLIOTECA DEL DIPARTIMENTO DI SCIENZE E TECNOLOGIE AMBIENTALI BIOLOGICHE E FARMACEUTICHE$1IT-CE0101$2VAN17 912 $fN 912 $aVAN0240251 950 $aBIBLIOTECA DEL DIPARTIMENTO DI SCIENZE E TECNOLOGIE AMBIENTALI BIOLOGICHE E FARMACEUTICHE$d17CONS e-book 2224 $e17BIB2224/510 510 20220214 996 $aMixing of Magmas$92595532 997 $aUNICAMPANIA